[Event "MTO Open"]
[Site "Biel SUI"]
[Date "2005.07.24"]
[Round "6"]
[White "Guthrie,A"]
[Black "Rukavina,J"]
[Result "1/2-1/2"]
[WhiteElo "2254"]
[BlackElo "2419"]

1.e4 d6 2.d4 Nf6 3.Nc3 Nbd7 4.f4 e5 5.Nf3 exd4 6.Qxd4 c6 7.Be3 d5 8.O-O-O Bc5
9.Qd2 Bb4 10.exd5 Nxd5 11.Bd4 O-O 12.a3 Nxc3 13.Bxc3 Bxc3 14.Qxc3 Qf6 15.Qxf6 Nxf6
16.Bc4 Bg4 17.Rhf1 Rae8 18.h3 Be6 19.Bxe6 Rxe6 20.Rfe1 Rxe1 21.Rxe1 Re8 22.Rxe8+ Nxe8
23.Kd2 Kf8 24.Kd3 Ke7 25.g3  1/2-1/2

[Event "Politiken Cup"]
[Site "Copenhagen DEN"]
[Date "2005.07.24"]
[Round "10"]
[White "Andersen,IbH"]
[Black "Frank Nielsen,M"]
[Result "1/2-1/2"]
[WhiteElo "2160"]
[BlackElo "1913"]

1.e4 d6 2.d4 Nf6 3.Nc3 Nbd7 4.g3 e5 5.Nge2 Be7 6.Bg2 O-O 7.O-O c6 8.a4 Re8
9.h3 exd4 10.Nxd4 Nc5 11.b4 Ne6 12.Nf5 Nf8 13.Nxe7+ Qxe7 14.f4 Qc7 15.Be3 Bd7
16.g4 Rad8 17.Qf3 Be6 18.Rfd1 d5 19.e5 Ne4 20.Nxe4 dxe4 21.Qe2 Qe7 22.Bc5 Qh4
23.Bf2 Qe7 24.Bc5 Qh4 25.Bxa7 Ng6 26.Be3 b5 27.a5 h5 28.Qf2 hxg4 29.Qxh4 Nxh4
30.Bxe4 gxh3 31.Bxc6 Rxd1+ 32.Rxd1 Rc8 33.Be4 f5 34.exf6 Bg4 35.Re1 gxf6
36.Bd5+ Kg7 37.Bc5 Nf3+ 38.Bxf3 Bxf3 39.Re7+ Kg6 40.a6 Rd8 41.Kh2 Bg2 42.Re6 Rd2
43.Rd6  1/2-1/2

[Event "Open A"]
[Site "Pardubice CZE"]
[Date "2005.07.24"]
[Round "3"]
[White "Hrbolka,L jr"]
[Black "Krapivin,V"]
[Result "0-1"]
[WhiteElo "2255"]
[BlackElo "2410"]

1.e4 d6 2.d4 Nf6 3.Nc3 e5 4.Nge2 Be7 5.Be3 O-O 6.f3 Re8 7.Qd2 Nbd7 8.g4 Nb6
9.Ng3 exd4 10.Bxd4 c5 11.Bf2 d5 12.Bb5 Bd7 13.g5 d4 14.gxf6 dxc3 15.Qxc3 Bxf6
16.Qb3 c4 17.Qb4 Nd5 18.Qc5 Qa5+  0-1

[Event "Open A"]
[Site "Pardubice CZE"]
[Date "2005.07.24"]
[Round "3"]
[White "Rendboe,J"]
[Black "Neuman,P"]
[Result "0-1"]
[WhiteElo "2259"]
[BlackElo "2428"]

1.d4 d6 2.e4 Nf6 3.Nc3 e5 4.Nf3 Nbd7 5.Bc4 Be7 6.O-O O-O 7.a4 c6 8.Bb3 b6
9.Re1 a6 10.Ng5 Bb7 11.f4 exd4 12.Qxd4 d5 13.Qd1 h6 14.Nf3 Bc5+ 15.Be3 Nxe4
16.Nxe4 dxe4 17.Nd4 Nf6 18.Nf5 Bxe3+ 19.Rxe3 Qxd1+ 20.Rxd1 Rad8 21.Ree1 c5
22.Nd6 Rb8 23.h3 Bc6 24.g4 b5 25.axb5 axb5 26.g5 Nh5 27.Nf5 Ba8 28.gxh6 g6
29.Ne7+ Kh7 30.Bd5 f5 31.Ra1 Nxf4 32.Ra7 Kxh6 33.Bxa8 Rxa8  0-1

[Event "Open"]
[Site "Saint Affrique FRA"]
[Date "2005.07.25"]
[Round "4"]
[White "Kosten,A"]
[Black "Manouck,T"]
[Result "1-0"]
[WhiteElo "2522"]
[BlackElo "2273"]

1.e4 d6 2.d4 Nf6 3.Nc3 Nbd7 4.Nf3 e5 5.Bc4 Be7 6.O-O O-O 7.a4 a5 8.Ba2 c6
9.Be3 Ng4 10.Bd2 Qb6 11.d5 Nc5 12.Qe2 Nf6 13.h3 Bd7 14.Rfd1 h6 15.Be1 Na6
16.Nd2 Nb4 17.Bb3 cxd5 18.exd5 Rac8 19.Nc4 Qa6 20.Ne3 Qxe2 21.Nxe2 Ne4 22.c3 Na6
23.Bc2 f5 24.f3 Ng5 25.h4 Nh7 26.b3 Bd8 27.Nc4 Rf6 28.f4 exf4 29.Nxf4 Nc5
30.Bf2 g5 31.Ne6 Nxe6 32.dxe6 Bxe6 33.Bd4 Bxc4 34.Bxf6 Bxf6 35.bxc4 Bxc3
36.Bxf5 Re8 37.Rab1 Bb4 38.Rf1 Nf6 39.Bg6 Re6 40.hxg5 hxg5 41.Rf5 b6 42.Rxg5 Re5
43.Rxe5 dxe5 44.Kf2 Bc5+ 45.Kf3 Bd4 46.Bf5  1-0

[Event "Open A"]
[Site "Pardubice CZE"]
[Date "2005.07.26"]
[Round "5"]
[White "Zeleny,T"]
[Black "Kireev,A"]
[Result "1/2-1/2"]
[WhiteElo "2286"]
[BlackElo "2396"]

1.e4 d6 2.d4 Nf6 3.Nc3 e5 4.Nf3 exd4 5.Nxd4 Be7 6.Bd3 O-O 7.O-O a6 8.Kh1 c5
9.Nde2 b5 10.Nf4 Bb7 11.Re1 Nbd7 12.a4 b4 13.Ncd5 Nxd5 14.Nxd5 Bxd5 15.exd5 Ne5
16.Bf1 Bf6 17.Rb1 Qd7 18.b3 Qf5 19.f3 Rfe8 20.Bb2 Re7 21.Re4 Ng6 22.Bd3 Qxd5
23.Bxf6 gxf6 24.Rxe7 Nxe7 25.Qe2 Qb7 26.f4 Ng6 27.Qg4 Kh8 28.Re1 Qd5 29.Bc4 Qd2
30.Rd1 Re8 31.h3 Re1+ 32.Rxe1 Qxe1+ 33.Kh2 Qe4 34.Bxa6 Qxc2 35.Bc4 f5 36.Qf3 Ne7
37.Qb7 Qe4 38.Qb8+ Kg7 39.Qxd6 Ng6 40.Qc7 Nxf4 41.Qxf7+ Kh6 42.Qf8+ Kg5 43.Qg8+ Ng6
44.Qd8+ Kh6 45.Qd2+ f4 46.a5 Kg7 47.Qd5 Qe3 48.Qe6 Ne5 49.Qe7+ Kg6 50.Qe8+ Kf5
51.Qh5+ Ke4 52.Qxh7+ Kd4 53.Qg7 Qg3+ 54.Qxg3 fxg3+ 55.Kxg3 Nxc4 56.bxc4 b3
57.a6 b2 58.a7 b1=Q 59.a8=Q Qg6+ 60.Kh2 Kxc4  1/2-1/2

[Event "Open A"]
[Site "Pardubice CZE"]
[Date "2005.07.26"]
[Round "5"]
[White "Ejsmont,K"]
[Black "Neuman,P"]
[Result "1-0"]
[WhiteElo "2310"]
[BlackElo "2428"]

1.e4 d6 2.d4 Nf6 3.Nc3 e5 4.Nf3 Nbd7 5.Bc4 Be7 6.O-O O-O 7.Re1 c6 8.a4 b6
9.b3 a6 10.d5 c5 11.Bf1 Ne8 12.Nd2 g6 13.Nc4 Rb8 14.g3 Ng7 15.f4 exf4 16.Bxf4 Bf6
17.e5 dxe5 18.Nxe5 Nxe5 19.Bxe5 Bxe5 20.Rxe5 Bb7 21.Bg2 Qf6 22.Qe2 Rfe8 23.Re1 Kf8
24.a5 b5 25.Qf2 Qxf2+ 26.Kxf2 Rxe5 27.Rxe5 f6 28.Re1 f5 29.Ne2 g5 30.Nc1 c4
31.bxc4 bxc4 32.Ne2 Bc8 33.Nd4 Bd7 34.Re5 Re8 35.Rxe8+ Nxe8 36.Ke3 Ke7 37.Nf3 Nd6
38.Kd4 h6 39.Ne5 Bb5 40.Bf1 c3 41.Bg2 Kf6 42.Nc6 f4 43.gxf4 gxf4 44.Kxc3 Be2
45.Nd4 Bc4 46.Bf3 Bf1 47.Kb4 Nc4 48.c3 Bd3 49.Kc5 Nxa5 50.d6 Nc4 51.Nc6 Nxd6
52.Kxd6 Kg5 53.Ke5 Kh4 54.Kxf4 Kh3 55.Ne5 Bb5 56.Nc6 h5 57.Na5 Kxh2 58.Kg5  1-0

[Event "Open Dutch Championship"]
[Site "Dieren NED"]
[Date "2005.07.30"]
[Round "5"]
[White "Novikov,St"]
[Black "Remmel,T"]
[Result "1-0"]
[WhiteElo "2534"]
[BlackElo "2212"]

1.d4 d6 2.e4 Nf6 3.Nc3 e5 4.Nf3 Nbd7 5.Bc4 Be7 6.g4 Nb6 7.Bb3 Bxg4 8.dxe5 dxe5
9.Qe2 Nbd7 10.Rg1 O-O 11.Bh6 g6 12.O-O-O c6 13.Bxf8 Bxf8 14.Bxf7+ Kxf7 15.Ng5+ Ke8
16.Rxg4 Nxg4 17.Ne6 Bh6+ 18.Kb1 Qc8 19.Qxg4 Nf6 20.Qh3 Ke7 21.Rd8 Qxe6 22.Qxe6+ Kxe6
23.Rxa8 Kd6 24.Rxa7 Kc7 25.Ra8 Nd7 26.Re8 Bf4 27.Re7 Bxh2 28.Rxh7 Bf4 29.Rg7 g5
30.Ne2 Kd6 31.b4 b5 32.Nxf4 gxf4 33.Rxd7+ Kxd7 34.a4 Kc7 35.a5  1-0

[Event "Open Dutch Championship"]
[Site "Dieren NED"]
[Date "2005.07.30"]
[Round "5"]
[White "Neuer,T"]
[Black "Van Rijn,W"]
[Result "1/2-1/2"]
[WhiteElo "2089"]
[BlackElo "2304"]

1.e4 d6 2.d4 Nf6 3.Nc3 Nbd7 4.Nf3 e5 5.Bc4 exd4 6.Qxd4 c5 7.Qd3 Nb6 8.Bb5+ Bd7
9.Bf4 a6 10.Bxd7+ Qxd7 11.O-O-O  1/2-1/2

[Event "15th ETC Women"]
[Site "Gothenburg SWE"]
[Date "2005.07.31"]
[Round "2"]
[White "Horn,E"]
[Black "Agrest,S"]
[Result "1/2-1/2"]
[WhiteElo "2041"]
[BlackElo "2270"]

1.e4 d6 2.d4 Nf6 3.Nc3 e5 4.Nf3 Nbd7 5.Bc4 Be7 6.O-O O-O 7.Re1 c6 8.a4 a5
9.Bg5 exd4 10.Nxd4 Nc5 11.Nf5 Bxf5 12.exf5 d5 13.Bf1 Re8 14.Qd4 Nce4 15.Nxe4 Nxe4
16.Bxe7 Qxe7 17.f3 Qf6 18.Qxf6 Nxf6 19.g4 Nd7 20.Kf2 Nc5 21.Ra3 f6 22.h4 h6
23.Rxe8+ Rxe8 24.Be2 Kf8 25.Ra1 Re5 26.b3 Ke8 27.Rg1 Kf7 28.Bf1 Re8 29.Bg2 Na6
30.Rd1 Nc5 31.Rg1 Re7 32.Rd1 Ke8 33.Rd4 Kd7 34.Bf1 Kd6 35.Rd1 Kc7 36.Rd4 Re5
37.Rd1 Re8 38.Rd4 Kb6 39.Rd1 Re7 40.Rd2 Kc7 41.Rd4 Kb6 42.Rd2 Na6 43.Rd1 Nc7
44.Bd3 Kc5 45.Rg1 Ne8 46.c3 Nd6 47.f4 Ne4+ 48.Bxe4 Rxe4 49.Kf3 b5 50.axb5 cxb5
51.g5 hxg5 52.hxg5 a4 53.bxa4 bxa4 54.Ra1 Rc4 55.Kg4 Kb5 56.Rb1+ Kc6 57.Rb8 Kd6
58.Rd8+ Ke7 59.Rxd5 fxg5 60.Kxg5 Rxc3 61.Re5+ Kf7 62.Ra5 Rg3+ 63.Kh4 Ra3
64.Kg5 Rg3+ 65.Kh4 Ra3  1/2-1/2

[Event "15th ETC Women"]
[Site "Gothenburg SWE"]
[Date "2005.07.31"]
[Round "2"]
[White "Mkrtchian,L"]
[Black "Bosboom Lanchava,T"]
[Result "1/2-1/2"]
[WhiteElo "2447"]
[BlackElo "2363"]

1.e4 d6 2.d4 Nf6 3.Nc3 Nbd7 4.Nf3 e5 5.Bc4 Be7 6.O-O O-O 7.Re1 c6 8.a4 b6
9.d5 Bb7 10.dxc6 Bxc6 11.Bg5 Rc8 12.Bxf6 Nxf6 13.Bb3 a6 14.Re2 Qd7 15.Qd3 Nh5
16.g3 Qg4  1/2-1/2

[Event "15th ETC"]
[Site "Gothenburg SWE"]
[Date "2005.07.31"]
[Round "2"]
[White "Lutz,C"]
[Black "McShane,L"]
[Result "1/2-1/2"]
[WhiteElo "2616"]
[BlackElo "2625"]

1.e4 d6 2.d4 Nf6 3.Nc3 e5 4.Nf3 exd4 5.Nxd4 a6 6.Be2 g6 7.Bg5 Bg7 8.Qd2 b5
9.O-O-O h6 10.Bh4 O-O 11.Qd3 Bb7 12.f4 Nbd7 13.Nb3 Qc8 14.Bf3 a5 15.Qxb5 Re8
16.Rhe1 Ba6 17.Qc6 Rb8 18.e5 Bb7 19.Qa4 Bxf3 20.gxf3 Nb6 21.Qc6 dxe5 22.Rxe5 Nh5
23.Rxe8+ Qxe8 24.Qxe8+ Rxe8 25.Rd8 Rxd8 26.Bxd8 a4 27.Nc5 a3 28.N3a4 axb2+
29.Nxb2 Nd5 30.Nbd3 Bc3 31.Ne4 Ba5 32.c4 Ndxf4 33.Nxf4 Nxf4 34.Kc2 Kf8 35.Bf6 Ke8
36.Bc3 Bxc3 37.Kxc3 f5 38.Nc5 Ke7 39.a4 Kd6 40.Nb7+ Kc6 41.Nd8+ Kc5 42.a5 h5
43.Nb7+ Kc6 44.Nd8+ Kc5 45.Nb7+ Kc6 46.Nd8+ Kc5 47.Nb7+  1/2-1/2

[Event "15th ETC"]
[Site "Gothenburg SWE"]
[Date "2005.08.02"]
[Round "4"]
[White "Collins,S IRL"]
[Black "Trevelyan,J"]
[Result "1-0"]
[WhiteElo "2413"]
[BlackElo "2196"]

1.e4 d6 2.d4 Nf6 3.Nc3 e5 4.dxe5 dxe5 5.Qxd8+ Kxd8 6.Bg5 h6 7.O-O-O+ Bd6
8.Bxf6+ gxf6 9.Nb5 Ke7 10.Ne2 a6 11.Nxd6 cxd6 12.Nc3 Be6 13.g3 Nd7 14.Nd5+ Bxd5
15.Rxd5 Nc5 16.Bg2 Rhd8 17.Re1 Ne6 18.Re3 Nd4 19.c3 Rac8 20.b4 Nc6 21.Kb2 a5
22.a3 axb4 23.axb4 Ra8 24.Bf1 Ra7 25.Re1 Rda8 26.Bc4 Rd8 27.Red1 Raa8 28.R5d2 Ra7
29.Kb3 Rda8 30.Kb2 Rd8 31.Bd5 Rda8 32.f4 Rd8 33.Rf2 Nb8 34.Bb3 Nd7 35.Rfd2 Nf8
36.Rf2 Ne6 37.fxe5 fxe5 38.Rdf1 Rf8 39.Rf6 Ng5 40.Bd5  1-0

[Event "15th ETC"]
[Site "Gothenburg SWE"]
[Date "2005.08.03"]
[Round "5"]
[White "Brynell,S"]
[Black "Dutreeuw,M"]
[Result "1/2-1/2"]
[WhiteElo "2484"]
[BlackElo "2361"]

1.d4 d6 2.e4 Nf6 3.Nc3 e5 4.Nf3 Nbd7 5.Bc4 Be7 6.O-O O-O 7.Re1 c6 8.a4 Qc7
9.a5 exd4 10.Nxd4 Ne5 11.Bf1 Re8 12.h3 Bd7 13.Be3 b5 14.axb6 axb6 15.Rxa8 Rxa8
16.f4 Ng6 17.Qf3 Ra5 18.Nb3 Ra8 19.Nd4 Ra5 20.Nb3 Ra8  1/2-1/2

[Event "15th ETC Women"]
[Site "Gothenburg SWE"]
[Date "2005.08.03"]
[Round "5"]
[White "Daulyte,D"]
[Black "Chelushkina,I"]
[Result "1-0"]
[WhiteElo "2195"]
[BlackElo "2330"]

1.e4 d6 2.d4 Nf6 3.Nc3 e5 4.dxe5 dxe5 5.Qxd8+ Kxd8 6.Nf3 Bd6 7.Bc4 Be6 8.Bxe6 fxe6
9.Be3 Nc6 10.O-O-O Ke7 11.Nd2 h6 12.f3 a6 13.h4 Rad8 14.g4 Bb4 15.Rh2 Nd4
16.Rdh1 Nd7 17.f4 Bc5 18.Rh3 Nf6 19.Rg3 exf4 20.Bxf4 Rd7 21.h5 Bb4 22.Rh2 Rf8
23.a3 Bxc3 24.bxc3 Nxe4 25.Nxe4 Rxf4 26.Nc5 Rf1+ 27.Kb2 Nf3 28.Nxd7 Nxh2
29.Nc5 Rf4 30.g5 hxg5 31.Rxg5 Kf7 32.Rxg7+ Kf6 33.Rg6+ Kf7 34.Nxe6 Rh4 35.Ng5+ Ke7
36.h6 Ng4 37.h7 Nf6 38.Rg7+ Kf8 39.Rf7+  1-0

[Event "Valoz Cup GMA"]
[Site "Olomouc CZE"]
[Date "2005.08.03"]
[Round "1"]
[White "El Taher,F"]
[Black "Neuman,P"]
[Result "1-0"]
[WhiteElo "2456"]
[BlackElo "2428"]

1.e4 d6 2.d4 Nf6 3.Nc3 e5 4.Nf3 Nbd7 5.Bc4 Be7 6.O-O O-O 7.Re1 c6 8.a4 b6
9.b3 Bb7 10.Ba3 a6 11.d5 cxd5 12.Nxd5 Nxd5 13.Bxd5 Bxd5 14.Qxd5 Nf6 15.Qb7 Re8
16.a5 bxa5 17.Bc1 h6 18.Re2 Bf8 19.Bb2 Nd7 20.Qd5 a4 21.bxa4 Qc7 22.a5 Rab8
23.c4 Rec8 24.Rc2 Rb4 25.Nd2 Nc5 26.g3 Rcb8 27.Bc3 R4b7 28.Kg2 Be7 29.Rf1 Bf6
30.Rd1 Qd7 31.Nf1 Qa4 32.Ne3 Bg5 33.Re2 Bxe3 34.Rxe3 Rd7 35.Ra1 Qc2 36.Bxe5 Re8
37.Bd4 Nxe4 38.Qf5 Rde7 39.Rae1 g6 40.Qf4 f5 41.Qxh6 Qxf2+ 42.Kh1  1-0

[Event "ch-IRI Semi-Final"]
[Site "Tehran IRI"]
[Date "2005.08.03"]
[Round "1"]
[White "Mirzajani,R"]
[Black "Doostkam,P"]
[Result "1/2-1/2"]
[WhiteElo "2102"]
[BlackElo "2250"]

1.e4 d6 2.d4 Nf6 3.Nc3 e5 4.dxe5 dxe5 5.Qxd8+ Kxd8 6.Bg5 c6 7.Nf3 Bd6 8.O-O-O Ke7
9.Bxf6+ gxf6 10.Nh4 Rg8 11.h3 Bc5 12.Rd2 Bb4 13.Rd3 Be6 14.Ne2 Rd8 15.Rxd8 Kxd8
16.g4 Bc5 17.Rh2 Nd7 18.a3 Kc7 19.Ng3 b5 20.Nhf5 a5 21.Ng7 Bf8 22.N3h5 Rd8
23.f3 Bc5 24.Nxe6+ fxe6 25.Bd3 Be3+ 26.Kd1 Bf4 27.Rh1 Kd6 28.Ke2 Ke7 29.c3 Nc5
30.Nxf4 exf4 31.Bc2 Rb8 32.e5 h6 33.exf6+ Kxf6 34.Rd1 b4 35.axb4 axb4 36.Rd4 b3
37.Bd1 Ke5 38.Rb4 Rxb4 39.cxb4 Na6 40.Bxb3 Nxb4 41.h4 c5 42.Kd2 Nc6 43.Bc2 Kf6
44.Kc3 Ne5 45.Be4 Nf7 46.Ba8 Nd6 47.Bc6 Ke5 48.Kd3 Kf6 49.Bd7 Ke7 50.Bc6 Kf6
51.Be4 Ke5 52.Bc6 Kf6 53.Kc3 Ke5 54.b4 cxb4+ 55.Kxb4 Kd4 56.Ka5 e5 57.g5 hxg5
58.hxg5 e4 59.fxe4 f3 60.e5 Nc4+ 61.Kb4 f2 62.Bg2 Nxe5 63.Bf1 Ng6 64.Kb3 Ke3
65.Kc2 Nf4 66.Kd1 Ng6 67.Bc4 Kf3 68.Bf1 Ne5 69.Kd2 Ng4 70.g6 Nh6 71.g7 Kf4
72.Be2 Kg5 73.Ke3 Nf5+ 74.Ke4 Nxg7 75.Bf1 Ne6 76.Ke3  1/2-1/2

[Event "15th ETC"]
[Site "Gothenburg SWE"]
[Date "2005.08.04"]
[Round "6"]
[White "Erturan,Y"]
[Black "Trevelyan,J"]
[Result "1-0"]
[WhiteElo "2311"]
[BlackElo "2196"]

1.e4 d6 2.d4 Nf6 3.Nc3 e5 4.Nge2 Be7 5.g3 exd4 6.Nxd4 d5 7.e5 Ng4 8.e6 Nf6
9.exf7+ Kxf7 10.Bg2 c5 11.Nf3 d4 12.Ng5+ Kg8 13.Qe2 Qe8 14.Nd5 Nc6 15.Nc7  1-0

[Event "15th ETC Women"]
[Site "Gothenburg SWE"]
[Date "2005.08.05"]
[Round "7"]
[White "Sommer,S"]
[Black "Lauterbach,I"]
[Result "0-1"]
[WhiteElo "2053"]
[BlackElo "2156"]

1.e4 d6 2.d4 Nf6 3.Nc3 Nbd7 4.Nf3 e5 5.Bc4 Be7 6.Qe2 c6 7.a4 O-O 8.a5 exd4
9.Nxd4 d5 10.exd5 cxd5 11.Bb3 Bc5 12.Qd1 Re8+ 13.Be3 Ne5 14.O-O Neg4 15.Bf4 Nh5
16.Bg3 Nxg3 17.hxg3 Nf6 18.Qd3 Be6 19.Rfe1 Ng4 20.f3 Qf6 21.Rad1 Ne5 22.Qd2 Nc6
23.Ne2 Bf5 24.Kf1 Nxd4 25.Nxd4 Rxe1+ 26.Kxe1 Re8+ 27.Kf1 Qa6+ 28.Ne2 Bb4
29.c3 Bxa5 30.Bxd5 Bc7 31.c4 Qg6 32.g4 Bc2 33.Re1 Bd3 34.Kf2 Bb6+ 35.Kf1 Be3
36.Qa5 Qh6  0-1

[Event "15th ETC"]
[Site "Gothenburg SWE"]
[Date "2005.08.05"]
[Round "7"]
[White "Nyysti,S"]
[Black "Sakalauskas,V"]
[Result "1/2-1/2"]
[WhiteElo "2344"]
[BlackElo "2473"]

1.e4 d6 2.d4 Nf6 3.Nc3 c6 4.f4 Qa5 5.Bd3 e5 6.Nf3 Bg4 7.Be3 Nbd7 8.O-O Be7
9.h3 Bh5 10.Qe1 Bxf3 11.Rxf3 O-O 12.Qf2 Bd8 13.Rf1 exd4 14.Bxd4 Bb6 15.Bxb6 Qxb6
16.Re3 Rfe8 17.b3 Re7 18.Rfe1 Rae8 19.R1e2 Qd4 20.Nd1 Nc5 21.c3 Nxd3 22.cxd4 Nxf2
23.Nxf2 Nd5 24.Rf3 f5 25.e5 dxe5 26.fxe5 g6 27.Nd3 Rd8 28.Rc2 Nc7 29.Nc5 Nb5
30.Rd3 b6 31.Na6 Nxd4 32.Rcd2 c5 33.b4 Rxe5 34.bxc5 bxc5 35.Nxc5 Rxc5 36.Rxd4 Rxd4
37.Rxd4 Re5 38.Rd8+ Kf7 39.Rd7+ Re7 40.Rd6 Ke8 41.Kf2 Rd7 42.Ra6 Kd8 43.h4 Kc8
44.h5 gxh5 45.Kf3 Kb7 46.Rf6 Rd3+ 47.Kf4 Rd2 48.Rxf5 Rf2+ 49.Ke4 Rxa2 50.Rxh5 Re2+
51.Kd5 Re7 52.Rh6 Rg7 53.Ke5 Kc7 54.Kd5 Rd7+ 55.Kc5 Kd8 56.Kc6 Ke8 57.Rh3 Rg7
58.Kd6 Kf8 59.Ke6 a5 60.Ra3 Rg5 61.Kf6 Rb5 62.Rh3 Kg8 63.Rg3+ Kf8 64.Rh3 Rb7
65.Rc3 Rb6+ 66.Kf5 a4 67.Rc8+ Kg7 68.Rc7+ Kh6 69.Ra7 Rb5+ 70.Kf4 Rb4+ 71.Kf5 Rb5+
72.Kf4  1/2-1/2

[Event "Open"]
[Site "Olomouc CZE"]
[Date "2005.08.05"]
[Round "2"]
[White "Kryvoruchko,Y"]
[Black "Zapletal,J"]
[Result "1-0"]
[WhiteElo "2476"]
[BlackElo "2168"]

1.e4 d6 2.d4 Nf6 3.Nc3 e5 4.Nf3 Nbd7 5.Bc4 Be7 6.O-O O-O 7.Re1 c6 8.a4 a5
9.Ba2 b6 10.h3 Bb7 11.dxe5 dxe5 12.Nh4 g6 13.Bh6 Re8 14.Qf3 Bf8 15.Bg5 Bg7
16.Rad1 Qc7 17.Rxd7 Nxd7 18.Qxf7+ Kh8 19.Rd1 Rf8 20.Qxd7 Qxd7 21.Rxd7 Rab8
22.Be7  1-0

[Event "ch-POR"]
[Site "Vila Real POR"]
[Date "2005.08.05"]
[Round "3"]
[White "Costa,JoaoG"]
[Black "Galego,L"]
[Result "0-1"]
[WhiteElo "2258"]
[BlackElo "2501"]

1.e4 d6 2.d4 Nf6 3.Nc3 c6 4.Be3 Qa5 5.Qd2 e5 6.h3 Be7 7.Nf3 O-O 8.Bd3 Nbd7
9.O-O Qc7 10.Ne2 Re8 11.c3 d5 12.Ng3 exd4 13.Nxd4 Bd6 14.exd5 Nxd5 15.Ne4 Nxe3
16.fxe3 Ne5 17.Ng5 f6 18.Bxh7+ Kh8 19.Qd1 Bg4 20.hxg4 fxg5 21.Bc2 Rad8 22.Rf3 g6
23.Rh3+ Kg7 24.Bb3 Qc8 25.Qe2 c5 26.Nf3 Qxg4 27.Qb5 b6 28.Qa4 Qxa4 29.Bxa4 g4
30.Bxe8 gxh3 31.Bb5 Nxf3+ 32.gxf3 Bg3 33.Rf1 Rd2 34.f4 Rxb2 35.a4 Rc2 36.Rf3 h2+
37.Kh1 Bf2 38.Kxh2 Bxe3+ 39.Kg3 Rxc3 40.Kg4 Kf6 41.Rf1 Bd4 42.Re1 Rc2 43.Re2 Rc1
44.Re8 c4 45.Rf8+ Ke7 46.Re8+ Kf6 47.Re4 c3 48.Rxd4 Rg1+  0-1

[Event "American Continental"]
[Site "Buenos Aires ARG"]
[Date "2005.08.06"]
[Round "1"]
[White "Hungaski,R"]
[Black "Felgaer,R"]
[Result "0-1"]
[WhiteElo "2308"]
[BlackElo "2618"]

1.e4 d6 2.d4 Nf6 3.Nc3 c6 4.f4 Qa5 5.Bd3 e5 6.Nf3 exd4 7.Nxd4 g6 8.O-O Bg7
9.Kh1 O-O 10.Be3 Re8 11.Qd2 Nbd7 12.a3 Qc7 13.Nf3 b5 14.Bd4 Bh6 15.Qf2 Bxf4
16.Qh4 Be5 17.Bxe5 dxe5 18.Ng5 Kg7 19.Nxf7 Ng8 20.Bxb5 cxb5 21.Nd5 Qc6 22.Ng5 Ndf6
23.Rxf6 Nxf6 24.Rf1 h6 25.Rxf6 Be6 26.Nf7 Bxd5 27.Rxc6 Bxc6 28.Nxh6 Rf8 29.Nf5+ gxf5
30.Qg5+ Kf7 31.Qxf5+ Ke7 32.Qxe5+ Kd7 33.h3 Rae8 34.Qd4+ Kc8 35.Qc3 Kb7 36.Qg7+ Ka8
37.Qc7 Bxe4 38.Kg1 Bb7 39.Qc5 Rc8 40.Qb4 Rg8  0-1

[Event "15th ETC Women"]
[Site "Gothenburg SWE"]
[Date "2005.08.06"]
[Round "8"]
[White "Gretarsdottir,L"]
[Black "Lallemand,R"]
[Result "0-1"]
[WhiteElo "2046"]
[BlackElo "2287"]

1.e4 d6 2.d4 Nf6 3.Nc3 Nbd7 4.f4 e5 5.Nf3 exd4 6.Qxd4 c6 7.a4 d5 8.e5 Bc5
9.Qd3 Ng4 10.Nd4 Ngxe5 11.fxe5 Qh4+ 12.g3 Qxd4 13.Bf4 Qf2+ 14.Kd1 O-O 15.Ne2 Re8
16.Qc3 a5 17.Bh3 Bb4 18.Qb3 Nc5  0-1

[Event "Open"]
[Site "Olomouc CZE"]
[Date "2005.08.06"]
[Round "3"]
[White "Chulivska,V"]
[Black "Kireev,A"]
[Result "1-0"]
[WhiteElo "2232"]
[BlackElo "2396"]

1.e4 d6 2.d4 Nf6 3.Nc3 e5 4.dxe5 dxe5 5.Qxd8+ Kxd8 6.Nf3 Bd6 7.Bg5 Be6 8.O-O-O Nd7
9.Bb5 Kc8 10.Bh4 a6 11.Bxd7+ Nxd7 12.Ng5 Re8 13.f3 f6 14.Nxe6 Rxe6 15.Bf2 c6
16.h4 Kc7 17.h5 b5 18.Ne2 Bf8 19.Ng3 Rd6 20.Nf5 Rxd1+ 21.Kxd1 Kd8 22.Ke2 Ke8
23.Rd1 Rb8 24.g4 Rb7 25.Bh4 Rc7 26.Be1 g6 27.hxg6 hxg6 28.Ba5 Rc8 29.Nh4 g5
30.Nf5 Nc5 31.Bb4 Rd8 32.Ng7+ Bxg7 33.Rxd8+ Kxd8 34.Bxc5 Ke8 35.Kd3 Bf8 36.Bxf8 Kxf8
37.Kc3 a5 38.a4 Ke7 39.b4 axb4+ 40.Kxb4 bxa4 41.Kxa4 Kd7 42.Kb4 Kd6 43.c3 Kd7
44.Kc5 Kc7 45.c4 Kb7 46.Kd6 Kb6 47.Ke6 Kc5 48.Kxf6 Kxc4 49.Kxe5 c5 50.Kd6 Kb4
51.e5 c4 52.e6 c3 53.e7 c2 54.e8=Q c1=Q 55.Qe4+ Ka3 56.Qd3+ Kb2 57.Qd4+ Kb3
58.Qd5+ Kb2 59.Ke6 Ka3 60.Kf6 Kb4 61.Kg6 Ka3 62.Qxg5 Qc8 63.Qe7+ Ka4 64.Qe4+ Kb3
65.g5 Qg8+ 66.Kf5 Kc3 67.Qe5+ Kd3 68.f4 Qc8+ 69.Qe6 Qf8+ 70.Kg4  1-0

[Event "ch-POR"]
[Site "Vila Real POR"]
[Date "2005.08.06"]
[Round "4"]
[White "Galego,L"]
[Black "Pinheiro,J"]
[Result "1/2-1/2"]
[WhiteElo "2501"]
[BlackElo "2362"]

1.e4 d6 2.d4 Nf6 3.Nc3 c6 4.Bg5 Qb6 5.Rb1 Nbd7 6.Nf3 e5 7.Bc4 Be7 8.O-O Qc7
9.a4 a5 10.Re1 Nf8 11.h3 Ng6 12.Qd2 O-O 13.Rbd1 Re8 14.Bb3 Nh5 15.dxe5 dxe5
16.Bxe7 Qxe7 17.Qd6 Qxd6 18.Rxd6 Nf6 19.Ng5 Nh8 20.Nb1 Nd7 21.Red1 Nc5 22.Rd8 Kf8
23.Nxh7+ Ke7 24.Rxe8+ Kxe8 25.Ng5 f6 26.Nf3 Nxe4 27.Na3 Nc5 28.Nc4 Nxb3 29.cxb3 Be6
30.Nd6+ Ke7 31.Nxb7 Bxb3 32.Rd3 Bd5 33.Rc3 Ng6 34.g3 Rb8 35.Nxa5 Rxb2 36.Nxc6+ Kd6
37.Na5 Rb1+ 38.Kh2 Rb2 39.Kg1 e4 40.Nd4 Rb1+ 41.Kg2 Ne5 42.g4 e3+ 43.f3 e2
44.Nxe2 Rb4 45.Kf2 Rxa4 46.Nb3 Nxf3 47.Kg3  1/2-1/2

[Event "HZ Open"]
[Site "Vlissingen NED"]
[Date "2005.08.06"]
[Round "1"]
[White "Michiels,R"]
[Black "Baete,G"]
[Result "1-0"]
[WhiteElo "2264"]
[BlackElo "1774"]

1.e4 d6 2.d4 Nf6 3.Nc3 Nbd7 4.Bc4 e5 5.f4 exd4 6.Qxd4 c6 7.Nf3 d5 8.exd5 Bc5
9.Qd3 O-O 10.Bd2 Re8+ 11.Ne2 cxd5 12.Bxd5 Nxd5 13.Qxd5 Qb6 14.Ng5 Nf6 15.Qxf7+ Kh8
16.O-O-O Be6 17.Nxe6 Re7 18.Qxe7 Bxe7 19.f5 Ne4 20.Bc3 Nxc3 21.Nxc3 Rc8 22.Rd3 Bf6
23.Rhd1 Qf2 24.g4 h6 25.R3d2 Qb6 26.h4 g5 27.hxg5 hxg5 28.Rh1+ Kg8 29.Rh6 Bxc3
30.Rg6+ Kf7 31.Nxg5+ Ke8 32.Re2+  1-0

[Event "15th ETC Women"]
[Site "Gothenburg SWE"]
[Date "2005.08.07"]
[Round "9"]
[White "Seps,M"]
[Black "Milliet,S"]
[Result "1-0"]
[WhiteElo "2173"]
[BlackElo "2321"]

1.e4 d6 2.d4 Nf6 3.Nc3 Nbd7 4.f4 e5 5.Nf3 exd4 6.Nxd4 Nc5 7.Bd3 Bg4 8.Nf3 Be7
9.h3 Bxf3 10.Qxf3 Nxd3+ 11.cxd3 O-O 12.Bd2 d5 13.O-O-O d4 14.Ne2 c5 15.Kb1 b5
16.Bc1 Qb6 17.g4 Rfc8 18.g5 Nd7 19.h4 a5 20.h5 a4 21.g6 fxg6 22.h6 a3 23.hxg7 Qa6
24.Qh3 Nf6 25.b3 c4 26.Nxd4 cxb3 27.Nxb3 Qc6 28.Rd2 h5 29.Nd4 Qc5 30.Qe6+ Kxg7
31.Nb3 Qc7 32.f5 Qd6 33.Qxd6 Bxd6 34.Rg2 Ng4 35.fxg6 Rh8 36.Nd4 Kxg6 37.Nf5 Bc5
38.Be3 Bb4 39.Bd4 Rhd8 40.Kc2 Rac8+ 41.Kb3 Bc5 42.Bxc5 Rxc5 43.d4 Rc4 44.Rd2 Rd7
45.Kxa3 Ra7+ 46.Kb3 Rca4 47.Rc1 Ra3+ 48.Kb4 R7a5 49.Ne7+ Kf6 50.Nc6 Rxa2
51.Rxa2 Rxa2 52.Kxb5 h4 53.e5+ Kg5 54.Re1 h3 55.e6 h2 56.e7 Nf6 57.Ne5 Re2
58.Nf3+ Kf4 59.Rf1 Rf2 60.Nxh2 Rxf1 61.Nxf1 Kf5 62.d5 Ne8 63.Kc6 Kf6 64.Kd7 Kf7
65.Ne3 Nf6+ 66.Kd8 Ne8 67.Nf5 Nf6 68.Nd6+  1-0

[Event "Open"]
[Site "Olomouc CZE"]
[Date "2005.08.07"]
[Round "4"]
[White "Aepfler,C"]
[Black "Krapivin,V"]
[Result "1/2-1/2"]
[WhiteElo "2268"]
[BlackElo "2410"]

1.e4 d6 2.d4 Nf6 3.Nc3 e5 4.Nf3 Nbd7 5.Bc4 Be7 6.O-O O-O 7.Re1 c6 8.a4 b6
9.b3 a6 10.Ba3 Rb8 11.dxe5 dxe5 12.Bd6 Bxd6 13.Qxd6 Ne8 14.Qd2 Qe7 15.Red1 b5
16.axb5 axb5 17.Bf1 b4 18.Na4 Nef6 19.Qe3 Ra8 20.Nd2 Ng4 21.Qe1 Nc5 22.Nxc5 Rxa1
23.Rxa1 Qxc5 24.Nc4 Be6 25.Ra5 Qe7 26.h3 Bxc4 27.Bxc4 Nf6 28.Qe3 Qd6 29.Kh2 h6
30.f3 Nh5 31.Qc5 Qd2 32.Qxe5 Nf4 33.Bf1 g5 34.Qf6 Qe1 35.Qxh6 Qxf1 36.Rxg5+ Ng6
37.Rxg6+  1/2-1/2

[Event "Open"]
[Site "Olomouc CZE"]
[Date "2005.08.07"]
[Round "5"]
[White "Oleksienko,M"]
[Black "Klemanic,E"]
[Result "1-0"]
[WhiteElo "2487"]
[BlackElo "2341"]

1.e4 d6 2.d4 Nf6 3.Nc3 e5 4.Nf3 Nbd7 5.Bc4 Be7 6.O-O c6 7.a4 Qc7 8.Re1 Nb6
9.Be2 Bg4 10.a5 Nbd7 11.dxe5 dxe5 12.Nh4 Bxe2 13.Qxe2 g6 14.Qc4 Nc5 15.Nf3 O-O
16.Bh6 Rfe8 17.Ng5 Bd6 18.Red1 Ne6 19.Nxe6 Rxe6 20.h3 Ne8 21.Be3 Be7 22.b4 Rd6
23.Rxd6 Nxd6 24.Qe2 Qd7 25.Bc5 Qe6 26.Qg4 Qxg4 27.hxg4 Kf8 28.Bxd6 Bxd6 29.Rb1 a6
30.Na4 Rd8 31.Kf1 Be7 32.c3 Ke8 33.Ke2 Kd7 34.Rh1 Rh8 35.Nb6+ Kc7 36.Nc4 f6
37.Ne3 Kd7 38.Kd3 Ke6 39.Kc4 h6 40.Rh3 Rh7 41.Nd1 Bf8 42.Nb2 h5 43.gxh5 Rxh5
44.Rxh5 gxh5 45.Nd3 f5 46.Nc5+ Bxc5 47.Kxc5 f4 48.f3 Kd7 49.Kb6 Kc8 50.c4 Kb8
51.b5 cxb5 52.cxb5 axb5 53.Kxb5 Ka7 54.Kc5 Ka6 55.Kd5 Kxa5 56.Kxe5 b5 57.Kxf4 Kb4
58.e5 Kc5 59.Ke3 Kd5 60.f4 h4 61.Kd3 b4 62.Kc2 Ke6 63.Kb3 Kf5 64.Kxb4  1-0

[Event "XIII Adolfo Pedrido Mem"]
[Site "Vilagarcia de Arousa ESP"]
[Date "2005.08.07"]
[Round "7"]
[White "Zurano Lopez,P"]
[Black "Torres Dominguez,D"]
[Result "1/2-1/2"]
[WhiteElo "2253"]
[BlackElo "2223"]

1.d4 d6 2.e4 Nf6 3.Nc3 c6 4.g3 e6 5.Bg2 d5 6.Nge2 Be7 7.O-O O-O 8.Be3 b5
9.e5 Nfd7 10.Nf4 b4 11.Nb1 c5 12.Nxd5 exd5 13.Bxd5 Nb6 14.Bxa8 cxd4 15.Qxd4 Qxd4
16.Bxd4 Nxa8 17.a3 Nc6 18.c3 bxc3 19.Bxc3 Rd8 20.Re1 Nb6  1/2-1/2